00707nam a2200169Ia 4500952009100000999001700091008004100108050001600149100005200165245005800217260005600275300001900331519004400350650008800394650004800482942000700530 00104070a22b22d2007-01-08l0oF1220 L65p11 001326r2023-07-16t1w2012-06-26yLB c69085d69085120626s9999 xx 000 0 und d aF1220 bL65 aLombardo Toledano, Vicented1894 -1968 eautor  aEl problema del indio c/ Vicente, Lombardo Toledano  aMéxico b: Secretaría de Educación Pública  a207 páginas  aMaterial Complementario / d(11 001326) 0aINDIOS DE MÉXICO vRELACIONES GUBERNAMENTALES xDISCURSOS, ENSAYOS, CONFERENCIAS  0aMÉXICO vCONDICIONES SOCIALES zMÉXICO  cLB